书目信息 |
| 题名: |
相约星期二
|
|
| 作者: | 阿尔博姆 著 ;吴洪 译 | |
| 分册: | ||
| 出版信息: | 上海 上海译文出版社 2005.05 |
|
| 页数: | 179页 | |
| 开本: | 21cm | |
| 丛书名: | 译文经典 | |
| 单 册: | ||
| 中图分类: | I712.45 | |
| 科图分类: | ||
| 主题词: | 人生哲学--通俗读物 , 文学 | |
| 电子资源: | ||
| ISBN: | 978-7-5327-3647-8 | |
| 000 | 01013nam 2200265 450 | |
| 001 | 1053844763 | |
| 005 | 20100721163416.14 | |
| 010 | @a978-7-5327-3647-8@dCNY15.00 | |
| 100 | @a20100515d2005 km y0chiy0120 ea | |
| 101 | 1 | @achi@ceng |
| 102 | @aCN@b310000 | |
| 105 | @ay z 000ay | |
| 200 | 1 | @a相约星期二@Axiang yue xing qi er@f(美) 米奇·阿尔博姆著@F(mei)mi qi·a er bo mu zhu@g吴洪译@Gwu hong yi |
| 210 | @a上海@c上海译文出版社@d2005.05 | |
| 215 | @a179页@d21cm | |
| 225 | 2 | @a译文经典 |
| 330 | @a这是一个真实的故事,年逾七旬的社会心理学教授莫里在1994年罹患肌萎缩性侧索硬化,一年以后与世长辞。作为莫里早年的得意门生,米奇在老教授缠绵病榻的十四周里,每周二都上门与他相伴,聆听他最后的教诲,并在他死后将老师的醒世箴言缀珠成链,冠名《相约星期二》。 | |
| 410 | 0 | @12001 @a译文经典 |
| 606 | 0 | @a人生哲学@x通俗读物 |
| 606 | 0 | @a文学 |
| 690 | @aI712.45@v4 | |
| 701 | 1 | @a阿尔博姆@Aa er bo mu@g(Albom, Mitch)@4著 |
| 702 | 0 | @a吴洪@Awu hong@4译 |
| 801 | 0 | @aCN@c20100515 |
| 905 | @dI712.45@eA0502-2@f3 | |
| 相约星期二/(美) 米奇·阿尔博姆著/吴洪译.-上海:上海译文出版社,2005.05 |
| 179页;21cm.-(译文经典) |
| ISBN 978-7-5327-3647-8:CNY15.00 |
| 这是一个真实的故事,年逾七旬的社会心理学教授莫里在1994年罹患肌萎缩性侧索硬化,一年以后与世长辞。作为莫里早年的得意门生,米奇在老教授缠绵病榻的十四周里,每周二都上门与他相伴,聆听他最后的教诲,并在他死后将老师的醒世箴言缀珠成链,冠名《相约星期二》。 |
| ● |
| 相关链接 |
|
|
|
正题名:相约星期二
索取号:I712.45/A0502-2
 
预约/预借
| 序号 | 登录号 | 条形码 | 馆藏地/架位号 | 状态 | 备注 |
| 1 | 992112 | 209921129 | 社科二线400B/400B社科库 28排3列1层/ [索取号:I712.45/A0502-2] | 在馆 | |
| 2 | 992113 | 209921138 | 社科二线400B/400B社科库 28排1列1层/ [索取号:I712.45/A0502-2] | 在馆 | |
| 3 | 992114 | 209921147 | 社科二线400B/400B社科库 28排3列1层/ [索取号:I712.45/A0502-2] | 在馆 |